| 000 | 01654nam a2200337 i 4500 | ||
|---|---|---|---|
| 001 | 000049238 | ||
| 003 | DO-SdBNP | ||
| 005 | 20250203122340.0 | ||
| 007 | ta | ||
| 008 | 090707s19uu dr r 000 f spa d | ||
| 020 | _a9789945121681 | ||
| 040 |
_aDO-SdBNP _bspa _cBNPHU _erda |
||
| 041 | _aspa | ||
| 082 | 1 |
_aRD863.4 _bC422san _222 |
|
| 100 | 1 |
_aCestero, Tulio M., _q(Tulio Manuel), _d1877-1955 _91698 _4aut. _eautor |
|
| 245 | 1 | 3 |
_aLa sangre : _buna vida bajo la tiranía / _cTulio M. Cestero. |
| 264 |
_aSanto Domingo : _bSociedad Dominicana de Bibliófilos, _c[20--?]. |
||
| 300 |
_a153 páginas ; _c23 cm. |
||
| 336 |
_atexto _btxt _2rdacontent |
||
| 337 |
_asin mediación _bn _2rdamedia |
||
| 338 |
_avolumen _bnc _2rdacarrier |
||
| 490 | 0 |
_aSusaeta ; _aGrandes obras |
|
| 500 | _aIncluye datos biográficos del autor en la página 2 | ||
| 505 |
_aEn la Torre del Homenaje -- _tLa aldea natal -- _tPortocarrero ingresa en San Luis Gonzaga -- _tContienda electoral -- _tLa vida en prisión -- _tElecciones al machete -- _tConociendo a Lilís -- _tMatrimonio de Portcarrero -- _tLa miseria -- _tLa muerte de Lilís -- _tLa política tras la muerte de Lilís -- _tLa lucha interna arrecia -- _tDe nuevo en la oposición -- _tLa larga espera -- _tInstimidades fimiliares -- _tSabor a ciudad -- _tDe nuevo, las revoluciones -- _tMás revueltas -- _tEsperanzas rotas -- _tUn vencido . |
||
| 534 |
_aOriginalmente publicado: _cParís: Librería Paul Ollendorff, 1913 |
||
| 590 | _aInventariado, 2019/VM | ||
| 650 | 4 |
_aNovela histórica dominicana. _9860 |
|
| 650 | 4 |
_aLiteratura dominicana. _967 |
|
| 910 | _aValidado. Control de calidad MFF | ||
| 942 |
_2ddc _cLBS1 |
||
| 999 |
_c48726 _d48726 |
||